ՀՀ Գիտությունների ազգային ակադեմիայի հիմնարար գիտական գրադարան  =   Fundamental Scientific Library of NAS RA

Գլաձորի համալսարանի պատմությունից / (Record no. 533687)

MARC details
000 -LEADER
fixed length control field 01993nam a2200361 a 4500
001 - CONTROL NUMBER
control field 2010814
003 - CONTROL NUMBER IDENTIFIER
control field AM-YeHGA
005 - DATE AND TIME OF LATEST TRANSACTION
control field 20250618080209.0
007 - PHYSICAL DESCRIPTION FIXED FIELD--GENERAL INFORMATION
fixed length control field ta
008 - FIXED-LENGTH DATA ELEMENTS--GENERAL INFORMATION
fixed length control field 250315s2025 ai a||||||||||||||0|arm|d
020 ## - INTERNATIONAL STANDARD BOOK NUMBER
International Standard Book Number 9789994133932
040 ## - CATALOGING SOURCE
Original cataloging agency AM-YeHGA
041 0# - LANGUAGE CODE
Language code of text/sound track or separate title arm
090 ## - LOCALLY ASSIGNED LC-TYPE CALL NUMBER (OCLC); LOCAL CALL NUMBER (RLIN)
-- 573102
100 1# - MAIN ENTRY--PERSONAL NAME
Personal name Մաթևոսյան, Կարեն Արտաշեսի,
Dates associated with a name 1958-
9 (RLIN) 3449
245 10 - TITLE STATEMENT
Title Գլաձորի համալսարանի պատմությունից /
Statement of responsibility, etc. Կ. Մաթևոսյան ; Խմբագիր՝ Ա. Հարությունյան [Սրբագրիչ՝ Հ. Իրիցյան].
246 15 - VARYING FORM OF TITLE
Title proper/short title From history of Gladzor university
260 ## - PUBLICATION, DISTRIBUTION, ETC.
Place of publication, distribution, etc. Երևան :
Name of publisher, distributor, etc. «Մուղնի» հրատ․,
Date of publication, distribution, etc. 2025․
300 ## - PHYSICAL DESCRIPTION
Extent 224 էջ ։
Other physical details նկարներ ;
Dimensions 24 սմ․
500 ## - GENERAL NOTE
General note Նվիրվում է Գլաձորի համալսարանի 740-ամյակին։
500 ## - GENERAL NOTE
General note Շապիկի Ա երեսին՝ Թորոս Սարկավագի մանրանկարի հատված, որտեղ իմաստության ծառ նռնեին խորհրդանշում է Գլաձորի համալսարանը։
504 ## - BIBLIOGRAPHY, ETC. NOTE
Bibliography, etc. note Տողատակում՝ մատենագիտական ծանոթագրություններ։
504 ## - BIBLIOGRAPHY, ETC. NOTE
Bibliography, etc. note Աղբյուրներ և գրականություն՝ Էջ 211-221։
504 ## - BIBLIOGRAPHY, ETC. NOTE
Bibliography, etc. note Պատկերացանկ՝ էջ 218-221։
546 ## - LANGUAGE NOTE
Language note Ամփոփումը՝ անգլերեն։
650 14 - SUBJECT ADDED ENTRY--TOPICAL TERM
Topical term or geographic name entry element Բարձրագույն ուսումնական հաստատություններ
General subdivision Գլաձորի համալսարան
Chronological subdivision XIII-XIV դդ.
650 14 - SUBJECT ADDED ENTRY--TOPICAL TERM
Topical term or geographic name entry element Բարձրագույն ուսումնական հաստատություններ
General subdivision Միջնադարյան համալսարաններ
651 #4 - SUBJECT ADDED ENTRY--GEOGRAPHIC NAME
Geographic name Գլաձոր
651 #4 - SUBJECT ADDED ENTRY--GEOGRAPHIC NAME
Geographic name Միջնադարյան Հայաստան
General subdivision Քաղաքակրթության պատմություն
Chronological subdivision 13-14 դդ.
700 1# - ADDED ENTRY--PERSONAL NAME
Personal name Հարությունյան, Արսեն
Relator term խմբագիր
Relationship edt
700 1# - ADDED ENTRY--PERSONAL NAME
Personal name Իրիցյան, Հասմիկ
Relator term սրբագրիչ
Relationship crr
942 ## - ADDED ENTRY ELEMENTS (KOHA)
Source of classification or shelving scheme Universal Decimal Classification
Koha item type Գրքեր / Books
Holdings
Withdrawn status Lost status Source of classification or shelving scheme Damaged status Not for loan Collection Home library Current library Date acquired Total checkouts Full call number Barcode Date last seen Price effective from Koha item type Public note
    Universal Decimal Classification     General Fundamental Scientific Library Fundamental Scientific Library 18/03/2025   AII/112935 FL0689150 18/03/2025 18/03/2025 Գրքեր / Books 30 Days Loan
    Universal Decimal Classification     General Fundamental Scientific Library Fundamental Scientific Library 18/03/2025   AII/112934 FL0689151 18/03/2025 18/03/2025 Գրքեր / Books 30 Days Loan


ՀՀ ԳԱԱ հիմնարար գիտական գրադարան
ՀՀ,Երևան 0019
Մարշալ Բաղրամյան 24/6
հեռախոս:(374-10) 52-47-50
Հետադարձ կապ

All site content, except where otherwise noted, is licensed under a
Creative Commons License